000
00205 a2200097 4500
001
47335
100
_a
Blackelt P
245
_a
Studies of war
260
_a
London
_b
Oliver Boyd
_c
090
_c
30372
_d
30372
942
_a
NUST-CAE
_c
M
_c
22639
999
_c
282408
_d
282408